Naše opatrenia budú bolieť

Rozhovor s ministrom zdravotníctva SR Tomášom Druckerom o plánoch v zdravotníctve, o šetrení financiami, o personálnych zmenách, o kategorizácii liekov, o objednávaní pacientov v ambulanciách, o záväzkoch poisťovní voči zdravotníckym zariadeniam, o lepšom a fungujúcom zdravotníctve.

Gespeichert in:
Bibliographische Detailangaben
1. Verfasser: Hunková, Mária
Weitere Verfasser: Drucker, Tomáš
Format: Buchkapitel
Sprache:Slowakisch
Schlagworte:
Tags: Tag hinzufügen
Keine Tags, Fügen Sie das erste Tag hinzu!

MARC

LEADER 00000naa a2200000 4500
001 0223826
005 20231113105920.6
041 0 |a slo 
044 |a SK 
245 1 0 |a Naše opatrenia budú bolieť  |c Mária Hunková, Tomáš Drucker 
520 |a Rozhovor s ministrom zdravotníctva SR Tomášom Druckerom o plánoch v zdravotníctve, o šetrení financiami, o personálnych zmenách, o kategorizácii liekov, o objednávaní pacientov v ambulanciách, o záväzkoch poisťovní voči zdravotníckym zariadeniam, o lepšom a fungujúcom zdravotníctve. 
610 2 0 |a zdravotníctvo verejné 
610 2 0 |a služby zdravotnícke 
610 2 0 |a financie 
610 2 0 |a poisťovne zdravotné 
610 2 0 |a reštrukturalizácia 
610 2 0 |a Slovensko 
100 1 |a Hunková, Mária 
700 1 |a Drucker, Tomáš